000 00556nam a2200169 4500
001 116514
003 ES-MaACL
005 20230906190723.0
007 t|
008 061121s1970 sp r ||||1| spa d
100 1 _aOtaño Zubiri, Alberto.
_987859
245 1 0 _aUrtain
_b: el rey del K.O. /
_cpor Alberto Otaño Zubiri ; apéndices grafológicos por Mauricio Xandró.
260 _aBilbao :
_bLa Gran Enciclopedia Vasca,
_c1970.
300 _a207 p., 8 lám. ;
_c20 cm.
700 1 _aXandró, Mauricio.
_9117492
852 _aES-MaACL
_jC-49051
_bR.73850
999 _c116514
_d116514